000 00537nam a2200133 a 4500
008 121114s1998 ||||||||||||||||| || u
050 _aTHESIS/SB
100 _aChimfwembe, Muleta
245 1 0 _aEmployee motivation: a case of ZAMTEL
_cby Muleta Chimfwembe
260 _aKitwe:
_bSchool of Business, Department of Production Management
_c1998
300 _aix, 35p.: ill.
650 _aEMPLOYEE MOTIVATION
995 _FCBU-MAIN LIBRARY (Kitwe)
_M1
_UAVAILABLE
_WNov 14, 2012
_ZUniversity Collection
999 _c41762
_d41762